00990nam a2200277 i 4500001000300000100002000003245006500023260007800088300003300166490004600199500001900245504004100264650003900305650002000344830004600364020001500410040000800425041001100433080002600444920001800470942000700488008004100495999001700536856009800553952006100651bg1 aRZECZYCKA, Anna10aRyzyko bankowe i metody jego ograniczania /cAnna Rzeczycka. aGdańsk :bWydaw. PG,c2002 ;aGdańsk :bPolitechnika Gdańskac2002. a147, [2] s. :bil. ;c24 cm.1 aMonografie / Politechnika Gdańska ;v26 aStreszcz. ang. aBibliogr., wybór aktów prawnych. 9aBankixfinansezPolskayod 1989 r. 9aRyzykoxfinanse 0aMonografie (Politechnika Gdańska) ;v26 a837348003X cBPK0 aplben a336.71(438)"1989/..." a83-7348-003-X cKS s pl f |000 0 pol  c42080d42080 uhttp://koha.tu.koszalin.pl/cgi-bin/koha/opac-detail.pl?biblionumber=42080yKatalog online BPK 00104070aBPKbBPKcwo65835p01905717s2016-02-04yKS